Efektivita sterilizovaných měnových intervencí

Vymedzenie pojmu menová intervencia. Teoretické transmisné mechanizmy. Teória vybalancovaného portfólia. Signálný kanál. Teória hlučného obchodovania.

Gespeichert in:
Bibliographische Detailangaben
1. Verfasser: Strnad, Petr
Format: Buchkapitel
Sprache:Tschechisch
Schlagworte:
Tags: Tag hinzufügen
Keine Tags, Fügen Sie das erste Tag hinzu!

MARC

LEADER 00000naa$a2200000$$$4500
001 0057431
005 20231102111202.6
041 0 |a cze 
044 |a SK 
245 1 0 |a Efektivita sterilizovaných měnových intervencí  |c Petr Strnad 
520 |a Vymedzenie pojmu menová intervencia. Teoretické transmisné mechanizmy. Teória vybalancovaného portfólia. Signálný kanál. Teória hlučného obchodovania. 
610 2 0 |a intervencie devízové 
610 2 0 |a trh menový 
610 2 0 |a banky centrálne 
610 2 0 |a portfólio 
610 2 0 |a informácie 
610 2 0 |a riziko trhové 
100 1 |a Strnad, Petr